[Event "Muensterland Verbandsliga 2122"]
[Site "Germany"]
[Date "2021.10.02"]
[Round "1.7"]
[White "Bartsch, Rainer"]
[Black "Sandmann, Guenter"]
[Result "1-0"]
[WhiteElo "1722"]
[BlackElo "1216"]
[PlyCount "51"]
[EventDate "2021.??.??"]
[EventType "team"]
[EventRounds "9"]
[EventCountry "GER"]
[SourceTitle "Verband Muensterland"]
[SourceDate "2021.10.03"]
[SourceVersion "1"]
[SourceVersionDate "2021.10.03"]
[SourceQuality "1"]
[WhiteTeam "Saerbeck"]
[BlackTeam "Nordwalde"]
[WhiteTeamCountry "GER"]
[BlackTeamCountry "GER"]

1. d4 d5 2. e3 e6 3. Nf3 Nf6 4. Bd3 c5 5. b3 Nc6 6. O-O Bd6 7. Bb2 b6 8. Nbd2
O-O 9. Ne5 Qc7 10. Ndf3 Nd7 11. Nxc6 Qxc6 12. c4 Nf6 13. Ne5 Qc7 14. Rc1 Nd7
15. f4 f6 16. Nxd7 Bxd7 17. Qh5 f5 18. cxd5 g6 19. Qf3 Rae8 20. dxe6 Bxe6 21.
b4 Rd8 22. bxc5 bxc5 23. d5 Bf7 24. Bc4 Be7 25. e4 Qb7 26. Qc3 1-0

[Event "Muensterland Verbandsliga 2122"]
[Site "Germany"]
[Date "2021.10.02"]
[Round "1.8"]
[White "Steens, Rudolf"]
[Black "Drescher, Alexander"]
[Result "1-0"]
[WhiteElo "1783"]
[BlackElo "1545"]
[PlyCount "77"]
[EventDate "2021.??.??"]
[EventType "team"]
[EventRounds "9"]
[EventCountry "GER"]
[SourceTitle "Verband Muensterland"]
[SourceDate "2021.10.03"]
[SourceVersion "1"]
[SourceVersionDate "2021.10.03"]
[SourceQuality "1"]
[WhiteTeam "Nordwalde"]
[BlackTeam "Saerbeck"]
[WhiteTeamCountry "GER"]
[BlackTeamCountry "GER"]

1. e4 c6 2. d3 d5 3. Nd2 dxe4 4. dxe4 e5 5. Ngf3 Bg4 6. Be2 Nd7 7. Nc4 Qc7 8.
Ne3 Bh5 9. O-O Ngf6 10. Nd2 Bg6 11. Bf3 Nc5 12. Qe2 Nfxe4 13. Nxe4 Nxe4 14.
Bxe4 Bxe4 15. Nc4 Bf5 16. Nxe5 O-O-O 17. Nc4 Bc5 18. Be3 Bxe3 19. Nxe3 Be6 20.
b3 h5 21. Rad1 h4 22. h3 g5 23. Ng4 Qf4 24. Qe3 Qxe3 25. Nxe3 Kc7 26. f3 a5 27.
a3 Rhf8 28. Kf2 b5 29. Rxd8 Rxd8 30. Rd1 Rxd1 31. Nxd1 Kd6 32. b4 a4 33. Ke3
Ke5 34. c3 f5 35. Nb2 Bc4 36. Nxc4+ bxc4 37. f4+ Kf6 38. Kd4 g4 39. Kc5 1-0

[Event "Muensterland Verbandsliga 2122"]
[Site "Germany"]
[Date "2021.10.02"]
[Round "1.2"]
[White "Langer, Ralf"]
[Black "Grawunder, Juergen"]
[Result "1-0"]
[WhiteElo "1763"]
[BlackElo "1919"]
[PlyCount "55"]
[EventDate "2021.??.??"]
[EventType "team"]
[EventRounds "9"]
[EventCountry "GER"]
[SourceTitle "Verband Muensterland"]
[SourceDate "2021.10.03"]
[SourceVersion "1"]
[SourceVersionDate "2021.10.03"]
[SourceQuality "1"]
[WhiteTeam "Ibbenbueren"]
[BlackTeam "Olfen"]
[WhiteTeamCountry "GER"]
[BlackTeamCountry "GER"]

1. d4 Nf6 2. c4 c5 3. Nf3 g6 4. Nc3 cxd4 5. Nxd4 Bg7 6. e4 d6 7. Be2 O-O 8. Be3
Nc6 9. O-O Nxd4 10. Bxd4 e5 11. Be3 Qe7 12. f3 Be6 13. Nd5 Bxd5 14. cxd5 Nd7
15. Rc1 Rfb8 16. b4 f5 17. Rc7 Qd8 18. Qc2 f4 19. Bf2 Bf6 20. Rc3 h5 21. Bb5
Nb6 22. a4 a5 23. bxa5 Rxa5 24. Rc1 Raa8 25. Rc7 Nc8 26. Bd7 Ne7 27. Bb6 Kg7
28. Rxb7 1-0

[Event "Muensterland Verbandsliga 2122"]
[Site "Germany"]
[Date "2021.10.02"]
[Round "1.3"]
[White "Preuss, Richard"]
[Black "Kellmann, Dominik"]
[Result "1-0"]
[WhiteElo "1759"]
[BlackElo "1730"]
[PlyCount "61"]
[EventDate "2021.??.??"]
[EventType "team"]
[EventRounds "9"]
[EventCountry "GER"]
[SourceTitle "Verband Muensterland"]
[SourceDate "2021.10.03"]
[SourceVersion "1"]
[SourceVersionDate "2021.10.03"]
[SourceQuality "1"]
[WhiteTeam "Olfen"]
[BlackTeam "Ibbenbueren"]
[WhiteTeamCountry "GER"]
[BlackTeamCountry "GER"]

1. e4 e5 2. Nf3 Nc6 3. d4 exd4 4. Nxd4 Nf6 5. Nc3 Bb4 6. Nxc6 Bxc3+ 7. bxc3
bxc6 8. Bd3 d6 9. O-O h6 10. Ba3 Bg4 11. f3 Bh5 12. Re1 Nd7 13. Bc4 Ne5 14. Bb3
Qf6 15. Rf1 O-O 16. Qe1 Rfd8 17. f4 Nd7 18. e5 dxe5 19. fxe5 Qg5 20. e6 Nf6 21.
Bc1 Qg4 22. h3 Qg6 23. exf7+ Kh8 24. Qe7 c5 25. Be3 Be2 26. Rf2 c4 27. Ba4 Bh5
28. Be8 Rxe8 29. fxe8=Q+ Rxe8 30. Qc5 Ne4 31. Rf8+ 1-0

[Event "Muensterland Verbandsliga 2122"]
[Site "Germany"]
[Date "2021.10.02"]
[Round "1.4"]
[White "Klausmeier, Achim"]
[Black "Steffens, Gerd"]
[Result "1/2-1/2"]
[WhiteElo "1704"]
[BlackElo "1784"]
[PlyCount "53"]
[EventDate "2021.??.??"]
[EventType "team"]
[EventRounds "9"]
[EventCountry "GER"]
[SourceTitle "Verband Muensterland"]
[SourceDate "2021.10.03"]
[SourceVersion "1"]
[SourceVersionDate "2021.10.03"]
[SourceQuality "1"]
[WhiteTeam "Ibbenbueren"]
[BlackTeam "Olfen"]
[WhiteTeamCountry "GER"]
[BlackTeamCountry "GER"]

1. e4 e6 2. d4 b6 3. Nf3 Bb7 4. Bd3 c5 5. c3 Nf6 6. Nbd2 cxd4 7. cxd4 Bb4 8. e5
Ne4 9. O-O Nxd2 10. Bxd2 Bxd2 11. Nxd2 O-O 12. Ne4 Bd5 13. Qh5 h6 14. f4 Nc6
15. f5 Bxe4 16. Bxe4 Qg5 17. Qxg5 hxg5 18. fxe6 fxe6 19. d5 Nxe5 20. dxe6 Rae8
21. exd7 Nxd7 22. Bd5+ Kh7 23. Rxf8 Rxf8 24. Rf1 Nf6 25. g3 Rd8 26. Bf3 Kg6 27.
g4 1/2-1/2

[Event "Muensterland Verbandsliga 2122"]
[Site "Germany"]
[Date "2021.10.02"]
[Round "1.5"]
[White "Boenigk, Winfried"]
[Black "Sivakumaran, Methunraj"]
[Result "1-0"]
[WhiteElo "1720"]
[BlackElo "1609"]
[PlyCount "81"]
[EventDate "2021.??.??"]
[EventType "team"]
[EventRounds "9"]
[EventCountry "GER"]
[SourceTitle "Verband Muensterland"]
[SourceDate "2021.10.03"]
[SourceVersion "1"]
[SourceVersionDate "2021.10.03"]
[SourceQuality "1"]
[WhiteTeam "Olfen"]
[BlackTeam "Ibbenbueren"]
[WhiteTeamCountry "GER"]
[BlackTeamCountry "GER"]

1. d4 Nf6 2. c4 c5 3. d5 b5 4. cxb5 a6 5. e3 g6 6. Nc3 d6 7. Nf3 Bg7 8. bxa6
Bxa6 9. Bxa6 Nxa6 10. O-O Nb4 11. e4 Nd7 12. a3 O-O 13. Rb1 Na6 14. Qc2 Ne5 15.
Nxe5 Bxe5 16. f4 Bd4+ 17. Kh1 Qb6 18. Ne2 Bg7 19. Bd2 Rfb8 20. Bc3 Qb3 21. Qc1
Nc7 22. Bxg7 Kxg7 23. Rf3 Qb7 24. b4 Qa6 25. Re3 Qb6 26. Reb3 Na6 27. Qc3+ Kg8
28. bxc5 Qxc5 29. Rxb8+ Nxb8 30. Qxc5 dxc5 31. Kg1 Kf8 32. a4 Ke8 33. Nc3 Nd7
34. Kf2 Kd8 35. Ke3 Kc7 36. Rb5 f6 37. Kd3 Kd6 38. Rb7 e6 39. Nb5+ Ke7 40. dxe6
Kxe6 41. Nc7+ 1-0

[Event "Muensterland Verbandsliga 2122"]
[Site "Germany"]
[Date "2021.10.02"]
[Round "1.6"]
[White "Werremeyer, Achim"]
[Black "Heimann, Karsten"]
[Result "1/2-1/2"]
[WhiteElo "1690"]
[BlackElo "1624"]
[PlyCount "70"]
[EventDate "2021.??.??"]
[EventType "team"]
[EventRounds "9"]
[EventCountry "GER"]
[SourceTitle "Verband Muensterland"]
[SourceDate "2021.10.03"]
[SourceVersion "1"]
[SourceVersionDate "2021.10.03"]
[SourceQuality "1"]
[WhiteTeam "Ibbenbueren"]
[BlackTeam "Olfen"]
[WhiteTeamCountry "GER"]
[BlackTeamCountry "GER"]

1. Nf3 d5 2. d4 Nf6 3. c4 e6 4. Nc3 c6 5. cxd5 exd5 6. Bg5 Be7 7. e3 O-O 8. Bd3
Nbd7 9. O-O Re8 10. h3 Qc7 11. Rc1 a6 12. a3 h6 13. Bf4 Bd6 14. Bxd6 Qxd6 15.
Qc2 Nf8 16. Ne5 N6d7 17. Nxd7 Bxd7 18. Na4 Qc7 19. Nc5 Ne6 20. b4 Bc8 21. a4
Qd6 22. Qc3 Ng5 23. Rb1 b6 24. Nb3 Bd7 25. a5 Reb8 26. axb6 Rxb6 27. Nc5 Bc8
28. Rfc1 Rab8 29. Ra1 Rxb4 30. Bxa6 Bxa6 31. Nxa6 Rc4 32. Qd3 Rxc1+ 33. Rxc1
Rb2 34. Rb1 Rxb1+ 35. Qxb1 Ne6 1/2-1/2

[Event "Muensterland Verbandsliga 2122"]
[Site "Germany"]
[Date "2021.10.02"]
[Round "1.7"]
[White "Limberg, Johannes"]
[Black "Bloem, Markus"]
[Result "1-0"]
[WhiteElo "1591"]
[BlackElo "1497"]
[PlyCount "51"]
[EventDate "2021.??.??"]
[EventType "team"]
[EventRounds "9"]
[EventCountry "GER"]
[SourceTitle "Verband Muensterland"]
[SourceDate "2021.10.03"]
[SourceVersion "1"]
[SourceVersionDate "2021.10.03"]
[SourceQuality "1"]
[WhiteTeam "Olfen"]
[BlackTeam "Ibbenbueren"]
[WhiteTeamCountry "GER"]
[BlackTeamCountry "GER"]

1. e4 d6 2. Nf3 g6 3. d4 Bg7 4. h3 Nf6 5. Bd3 O-O 6. O-O Nbd7 7. c4 c6 8. Nc3
Qc7 9. Bg5 e5 10. dxe5 dxe5 11. b4 Re8 12. Rc1 b6 13. a3 Bb7 14. Qe2 a6 15.
Rfd1 Nf8 16. Qe3 Ne6 17. Bxf6 Bxf6 18. Nd5 cxd5 19. cxd5 Qd8 20. dxe6 Rxe6 21.
Bxa6 Bxa6 22. Rxd8+ Rxd8 23. a4 Rd3 24. Qe2 Red6 25. b5 Bb7 26. Rc7 1-0

[Event "Muensterland Verbandsliga 2122"]
[Site "Germany"]
[Date "2021.10.02"]
[Round "1.8"]
[White "Barkia, Sofyen"]
[Black "Hof, Frank"]
[Result "0-1"]
[WhiteElo "1387"]
[BlackElo "1526"]
[PlyCount "53"]
[EventDate "2021.??.??"]
[EventType "team"]
[EventRounds "9"]
[EventCountry "GER"]
[SourceTitle "Verband Muensterland"]
[SourceDate "2021.10.03"]
[SourceVersion "1"]
[SourceVersionDate "2021.10.03"]
[SourceQuality "1"]
[WhiteTeam "Ibbenbueren"]
[BlackTeam "Olfen"]
[WhiteTeamCountry "GER"]
[BlackTeamCountry "GER"]

1. d4 e6 2. c4 Nf6 3. Bg5 Bb4+ 4. Nc3 h6 5. Bh4 c5 6. dxc5 Bxc5 7. a3 Be7 8. e3
O-O 9. Nf3 d5 10. cxd5 Nxd5 11. Nxd5 Bxh4 12. Nf4 Bf6 13. Qc2 Nc6 14. Bd3 Qa5+
15. Ke2 Bd7 16. Rad1 Rfd8 17. Nh5 Qxh5 18. Be4 Rac8 19. Qb1 Qb5+ 20. Qd3 Qxd3+
21. Rxd3 Ne5 22. Nxe5 Bxe5 23. Kf3 Bc6 24. Bxc6 Rxd3 25. Bxb7 Rcd8 26. Rc1 Bxb2
27. Rc7 0-1